Quizzes
Events
Quiz Creation
Community
Videos
Private Events
Remove Ads
Sign In
Join for FREE
Feedback
Dark Mode
Quiz Categories
Sports
Geography
Music
Movies
Television
Just For Fun
Miscellaneous
History
Literature
Language
Science
Gaming
Entertainment
Religion
Holiday
For Kids
Quiz Lab
Recent
Popular Today
Quiz Kudos Today
Editor Picks
Curator Picks
Quizzes by...
Day
Popularity
Type
Ratings
Length
Year
Community
Subscriptions
Recent Discussions
Orange Saloon
Badges
Playlists
Quests
Create
Leaderboards
Showdown
Live 5
Trivia Bingo
Activity
Puzzle Library
Sporcle Events
Private Events
Virtual Trivia
Globe League
Become a Host
Pub Owners
SporcleCon
Opinionation
Our Games
Videos
Blog
Mobile Apps
Partnerships
Remove Ads and Go Orange
Feedback
Gaming
Video Games
Board Games
Card Games
Pokémon
Mario
Nintendo
Minecraft
Console
Toys
Legend of Zelda
Gaming
Video Games
Board Games
Card Games
Pokémon
Mario
Nintendo
Minecraft
Console
Toys
Legend of Zelda
Random Quiz
Search Sporcle
×
Quiz Lab
Quiz Lab
Gaming
Nintendo
Type in answers that appear in a list
Type in answers that appear in a list
Classic
Best Score? Go Orange.
Sydlexia.com's 100 Best SNES Games Stats
Can you name the Best 100 SNES games according to Sydlexia.com?
By
Mildlyclever
13m
100 Questions
1,755 Plays
1,755 Plays
1,755 Plays
Comments
Comments
Give Quiz Kudos
Give Quiz Kudos
-
- Ratings
hide this ad
Replay
Link that replays current quiz
Next Quiz
Link to next quiz in quiz playlist
You Got
0%
They Got
Avg Score
45%
Avg Friend Score
Upgrade to see
Score Distribution
Jump to the score distribution portion of the page
Score
0/100
Timer
13:00
0
Plays Today
Number
Game
% Correct
4.
Super Mario World
96%
3.
Final Fantasy VI
90.3%
16.
Donkey Kong Country
89.9%
1.
The Legend of Zelda: A Link to the Past
89.9%
8.
Final Fantasy IV
88.8%
19.
Donkey Kong Country 2: Diddy's Kong Quest
87.1%
87.
Street Fighter II: The World Warrior
86.7%
2.
Super Metroid
86.6%
15.
Super Mario World 2: Yoshi's Island
85.2%
70.
Donkey Kong Country 3: Dixie Kong's Double Trouble!
85%
6.
Chrono Trigger
83.2%
18.
Super Mario Kart
82.2%
7.
Mega Man X
81.8%
5.
Super Mario RPG: Legend of the Seven Stars
78.2%
11.
Super Castlevania IV
75.7%
12.
Secret of Mana
75.6%
17.
Star Fox
75%
27.
Mega Man X2
74.6%
9.
EarthBound
73.7%
20.
Mortal Kombat II
72.9%
33.
Mega Man X3
72.2%
23.
F-Zero
69.5%
51.
Mega Man 7
65.1%
58.
Mortal Kombat 3
63.8%
14.
Contra III: The Alien Wars
62.3%
56.
Super Street Fighter II: The New Challengers
60.9%
44.
Super Mario All-Stars
58.7%
42.
Kirby Super Star
58.5%
43.
Super Star Wars
56.7%
34.
Killer Instinct
56.2%
25.
Teenage Mutant Ninja Turtles IV: Turtles In Time
55.1%
13.
ActRaiser
51.4%
22.
Illusion of Gaia
51.1%
46.
Final Fight
51.1%
Number
Game
% Correct
73.
Super Star Wars: The Empire Strikes Back
50.9%
90.
Super Star Wars: Return of the Jedi
50.9%
38.
Earthworm Jim
50.5%
45.
Super Bomberman
49.8%
30.
Secret of Evermore
49.1%
35.
Mario Paint
49.1%
47.
Pilotwings
48%
85.
Disney's Aladdin
47.2%
26.
Super Punch-Out
47.1%
72.
NBA Jam
46.9%
71.
Breath of Fire
46.4%
31.
SimCity
44.7%
24.
Zombies Ate My Neighbors
44.4%
21.
Breath of Fire II
44.2%
88.
Earthworm Jim 2
42.4%
53.
Super Ghouls 'n Ghosts
42.1%
37.
Super R-Type
40.5%
52.
Gradius III
40.1%
66.
ActRaiser 2
40.1%
40.
Lufia and the Fortress of Doom
39.8%
94.
Tetris Attack
39.5%
50.
Lufia II: Rise of the Sinistrals
38.7%
54.
Super Bomberman 2
38.7%
68.
Castlevania: Dracula X
37%
93.
Final Fantasy: Mystic Quest
34.6%
61.
Harvest Moon
33.7%
28.
Soul Blazer
33.3%
75.
Super Adventure Island
32.4%
89.
Mega Man Soccer
31.8%
83.
Batman Returns
31.2%
100.
NHL '94
30.6%
77.
Uniracers
29.6%
69.
Demon's Crest
29.2%
59.
R-Type III: The Third Lightning
28.9%
Number
Game
% Correct
48.
The Legend of the Mystical Ninja
28%
49.
EVO: Search For Eden
27.8%
60.
Super Double Dragon
27.6%
76.
X-Men: Mutant Apocalypse
26.6%
91.
Sunset Riders
26.2%
79.
The Adventures of Batman & Robin
26.2%
95.
Out of this World
25.9%
10.
Street Fighter II Turbo: Hyper Fighting
25.1%
55.
Battletoads in Battlemaniacs
24%
97.
Super Adventure Island II
23.9%
64.
Pocky & Rocky
23.7%
99.
Stunt Race FX
22.5%
39.
Shadowrun
22.3%
57.
Jurassic Park
22.3%
80.
Super Turrican
21.3%
36.
Super Smash TV
20%
78.
Super Scope 6
20%
41.
Sparkster
19.9%
63.
Tecmo Super Bowl III: Final Edition
19.4%
81.
Tiny Toon Adventures: Buster Busts Loose
19.1%
67.
Knights of the Round
18.7%
32.
Spider-Man & Venom: Maximum Carnage
18.4%
98.
The Death And Return Of Superman
18%
62.
WWF Royal Rumble
17.7%
96.
Ys III: Wanderers from Ys
17.6%
29.
Ogre Battle: The March of the Black Queen
16.5%
65.
Cybernator
16.5%
92.
Secret of the Stars
15.4%
86.
Desert Strike: Return to the Gulf
14.1%
84.
Saturday Night Slam Masters
13.9%
74.
King of the Monsters
11.3%
82.
WCW SuperBrawl Wrestling
9.3%
Quiz Playlist
Details
Report
Send in Message
Add To Playlist
Classic:
Type in answers that appear in a list
Quiz Source
Last Updated: Nov 21, 2018
Quiz Scoreboard
CHALLENGE
Sign Up to Join the Scoreboard
Show All
Scores
Hide
Comments
May contain spoilers
Recently Published
Movies - When Are They Set?
by FPL_Elf
Movies
5m
Popular People in 1961
by mucciniale
History
6m
1-10 Letter E Words III
by El_Dandy
Language
2m
More to Explore
Quiz From the Vault
Featured Blog Post
Where Did the Easter Bunny Come From?
hide this ad
You Might Also Like...
Tags
Nintendo Quiz
Numbers Quiz
100
Developer
SNES
Today's Top Quizzes in Gaming
Browse Gaming
hide this ad
Today's Top Quizzes in Nintendo
Browse Nintendo
Top Contributed Quizzes in Gaming
1
Destiny 2 exotic weapons by perk icons
2
Ultimate Genshin Impact Logic Puzzle (up to 4.3)
3
Genshin Impact Logic Puzzle Quiz
4
Who's on the WWE 2K24 Cover?
5
Windmill: Pokémon
6
Franchise by Action Figure
7
Legendary or Exotic?
8
Overwatch 2: Ultimate Ability Icons
9
Overwatch 2 Heroes by Selection Quote
10
Genshin murder mystery
Explore More
Trending Topics
Kpop
Disney
Crossword
Harry Potter
NBA
Anime
Marvel
Country
NFL
Puzzle
Song
The Office
WWE
Soccer
Pokémon
hide this ad
More By:
Mildlyclever
Quiz
Plays
Rating
Category
Featured
Created
Sydlexia.com's 100 Best SNES Games
1,755
3.67
Gaming
May 3, 2010
Sydlexia.com's 100 Best NES Games
429
4.71
Gaming
May 1, 2010
Lost Main Characters
267
3.60
Television
Apr 11, 2010
Sydlexia's 50 NES quotes you should know
170
5.00
Gaming
May 4, 2010
Votefortheworst.com contestants
169
5.00
Television
Mar 17, 2010
Go to Creator's Profile
Score Distribution
Quiz Creator Spotlight
Mildlyclever
Follow
Send a Message
Quizzes Created
-
Created Quiz Play Count
-
More By This Creator
Popular Quizzes Today
1
Find the Countries of Europe - No Outlines Minefield
2
Find the US States - No Outlines Minefield
3
The Countries of the World
4
Popular People in 1961
5
1-10 Letter E Words III
6
US States
7
Find the US States
8
One Thing in Common: World Cities II
More Gaming Quizzes
Best Selling Nintendo 64 Games
Curator's Pick
Trending Quizzes
Risky Map Clicking: Least Populous States A-Z
1-10 Letter F Words
Humor Books: The Subtitles
1-10 Letter G Words
One Thing in Common: United Kingdom
Recently Updated
Leaping Animals
pecheneg
Reality TV Shows (A-Z)
bhenderson79
Rickey Henderson's Hall of Fame Teammates
pecheneg
Champions League XIs: Arsenal
pecheneg
Quick Pick: Celebrities in WWE's Hall of Fame
aduchscher
A-Z Keypad Blitz II
pecheneg
Multiple Oscar Actors
pecheneg
Mystery Phrase Blitz: Oscar 'Best Actors'
pecheneg
F. Scott Fitzgerald Novels
LTH
Pick 3 Villains
ddd62291
Trending Topics
NBA
Kpop
Crossword
Disney
Marvel
Anime
Harry Potter
Soccer
Country
WWE
The Office
NFL
Puzzle
Song
Pokémon
Your Account Isn't Verified!
In order to create a playlist on Sporcle, you need to verify the email address you used during registration. Go to your
Sporcle Settings
to finish the process.
Report this User
Report this user for behavior that violates our
Community Guidelines
.
Details:
Send Report
Go to the Sporcle.com Mobile Site →
Comments